| 000 | 00968nas a2200313 4500 | ||
|---|---|---|---|
| 001 | BR2014002808 | ||
| 003 | BR-BrBNA | ||
| 005 | 20231205124021.0 | ||
| 007 | ta | ||
| 008 | 230509b bl.|||p| |||| 00| 00por d | ||
| 040 |
_aBR-BrBNA _bpor _cBiblioteca Nacional de Agricultura |
||
| 041 | _a(Pt) | ||
| 072 | _aL74 | ||
| 100 | 1 | _aMarques, A.P.L. | |
| 100 | 1 | _aBotteon, R. de C.C.M. | |
| 100 | 1 | _aAmorim, .B. de | |
| 100 | 1 | _aBotteon, P. de T.L. | |
| 100 | 1 | _aSantelli, R.E. | |
| 245 | 1 | _aPerfil mineral de bovinos na região do médio paraíba, Rio de Janeiro, Brasil | |
| 650 | _aBOVINO | ||
| 650 | _aDEFICIÊNCIA MINERAL | ||
| 650 | _aMACROELEMENTO | ||
| 650 | _aMICROELEMENTO | ||
| 650 | _aMÉTODO ESTATÍSTICO | ||
| 650 | _aRIO DE JANEIRO | ||
| 773 | 0 |
_tRevista Brasileira de Medicina Veterinária (Brazil) _xISSN 0100-2430 _g(Oct-Dec 2013), v. 35(4) p. 311-317 _wBR2014002808 |
|
| 909 |
_a202311 _bLúcia _c55 _dLúcia Elande |
||
| 942 |
_2AGRIS _n0 _cANA |
||
| 999 |
_c236922 _d236922 |
||